000 01248nam a2200301 4500
005 20240530110412.0
008 150217s2010 ua bo a 001 0 ara d
017 _a2676/2008
_bمصر . دار الكتب المصرية
020 _a9771442554
040 _aEG-CaGPL
041 0 _aara
082 0 4 _221
_a910.4
_bط/ن ن
100 1 _aفيليبس ، تشارلز
_qتشارلز فيليبس
245 1 0 _aاليابان /
_cتاليف تشارلز فيليبس ؛ ترجمة احمد بكر عبدالفتاح اشراف داليا محمد ابراهيم
250 _aط2
260 _aالقاهرة :
_bنهضة مصر للطباعة والنشر والتوزيع ،
_c2010
300 _a62 ص :
_bايض ؛
_c28 سم
490 0 _aناشيونال جيوجرافيك : دول العالم
650 0 4 _aالسياحة
651 0 4 _aاليابان
_xوصف ورحلات
651 0 4 _aاليابان
_xتاريخ
651 0 4 _aاليابان
_xالوصف الجغرافى
651 0 4 _aاليابان
_xالعادات والتقاليد
700 0 _aاحمد بكر عبدالفتاح
_eمترجم
700 0 _aداليا محمد ابراهيم
_eمشرف
942 _2ddc
_cBK
999 _c60473
_d60473